Canada 2022 FIFA World Cup Squad - Statistics

General Stats
  • This quiz has been taken 1,066 times
    1,019 since last reset
  • The average score is 10 of 27
Answer Stats
# Position Player % Correct
19 FW Alphonso Davies
97%
20 FW Jonathan David
86%
13 © MF Atiba Hutchinson
56%
11 FW Tajon Buchanan
51%
18 GK Milan Borjan
49%
17 FW Cyle Larin
47%
7 MF Stephen Eustáquio
46%
2 DF Alistair Johnston
40%
4 DF Kamal Miller
38%
21 MF Jonathan Osorio
33%
10 FW Junior Hoilett
32%
22 DF Richie Laryea
31%
5 DF Steven Vitória
31%
Manager John Herdman
30%
1 GK Dayne St. Clair
29%
15 MF Ismaël Koné
28%
3 DF Sam Adekugbe
27%
23 FW Liam Millar
24%
9 FW Lucas Cavallini
24%
6 MF Samuel Piette
24%
14 MF Mark-Anthony Kaye
22%
12 FW Iké Ugbo
21%
26 DF Joel Waterman
20%
25 DF Derek Cornelius
19%
16 GK James Pantemis
18%
24 MF David Wotherspoon
16%
8 MF Liam Fraser
16%
No matching quizzes found
Score Distribution
Percent of People with Each Score
Percentile by Number Answered
Your Score History
You have not taken this quiz since the last reset